Motivácia

Pojem motivácia v ekonomickej literatúre. Princípy a formy motivácie. Motívy, ich klasifikácia a konflity motívov.

Guardado en:
Detalles Bibliográficos
Autor principal: Nemečková, Soňa
Formato: Capítulo de libro
Lenguaje:eslovaco
Materias:
Etiquetas: Agregar Etiqueta
Sin Etiquetas, Sea el primero en etiquetar este registro!

MARC

LEADER 00000nla$a2200000$$$4500
001 0104045
005 20240502072133.6
041 0 |a slo 
044 |a SK 
245 1 0 |a Motivácia  |c Soňa Nemečková 
520 |a Pojem motivácia v ekonomickej literatúre. Princípy a formy motivácie. Motívy, ich klasifikácia a konflity motívov. 
610 2 0 |a motivácia pracovná 
610 2 0 |a definície 
610 2 0 |a riadenie ľudských zdrojov 
610 2 0 |a konflikty 
100 1 |a Nemečková, Soňa